Statistiques concernant Mots récurrents espagnol (S)

Cliquez ici pour prendre le quiz!

Statistiques générales

  • Ce quiz a été pris 5 fois
  • Le résultat moyen est 2 sur 30

Statistiques - réponses

HintRéponse% Correct
SécuritéLa seguridad
100%
SanctionnerSancionar
100%
Sportif (adjectif)Deportivo
50%
SourceLa fuente
50%
SérieuxSerio
50%
SurvivreSobrevivir
33%
StockerAlmacenar
0%
À ce sujetAl respecto
0%
Soutenir (qqn, qqch)Apoyar
0%
Suffire (de)Bastar (con)
0%
SouhaiterDesear
0%
SoulignerDestacar
0%
Le soutienEl apoyo
0%
Siège (meuble)El asiento
0%
Salle (de classe)El aula
0%
Sportif (nom)El deportista
0%
Le souhaitEl deseo
0%
StupéfiantEl estupefaciente
0%
SuccèsEl éxito
0%
La grande surfaceEl hipermercado
0%
Le sponsorEl patrocinador
0%
Le sponsoringEl patrocinio
0%
Le permis de séjourEl permiso de residencia
0%
Surchauffe (économique)El recalentamiento
0%
Le SouvenirEl recuerdo
0%
L’appuiEl respaldo
0%
Solde (compte bancaire)El saldo
0%
SecrétaireEl secretario
0%
SecteurEl sector
0%
SensEl sentido
0%
SystèmeEl sistema
0%
Site (général)El sitio
0%
Subvention (indemnité, allocation)El subsidio
0%
SalaireEl sueldo
0%
Sujet (grammaire)El sujeto
0%
Sujet (question)El tema
0%
Sonnerie, sonnetteEl timbre
0%
Le surveillantEl vigilante
0%
Saisir (biens,drogues)Embargar
0%
StimulerFomentar
0%
Sans papiersIndocumentado
0%
SommetLa cumbre
0%
SondageLa encuesta
0%
SphèreLa esfera
0%
Saison (année)La estación
0%
Séjour (temps passé qqpart)La estadía
0%
Site (internet)La página web
0%
Salle (général)La sala
0%
SanctionLa sanción
0%
Siège (entreprise)La sede
0%
La sûretéLa seguridad
0%
Le sérieuxLa seriedad
0%
StockLas existencias
0%
StageLas prácticas
0%
SoldesLas rebajas
0%
SurfaceLa superficie
0%
SurvieLa supervivencia
0%
Saison (tourisme, série)La temporada
0%
L’emplacementLa ubicación
0%
La surveillanceLa vigilancia
0%
SponsoriserPatrocinar
0%
Suspens (en) ; (en cours, non réglé, non classé)Pendiente
0%
SolderRebajar
0%
Se souvenir deRecordar
0%
Sauver (dette d’un pays)Rescatar
0%
Appuyer (qqn, qqch)Respaldar
0%
Sauver (général)Salvar
0%
SatisfaireSatisfacer
0%
SûrSeguro
0%
SoumettreSometer
0%
SurprendreSorprender
0%
SouçconnerSospechar
0%
SubirSufrir
0%
SurmonterSuperar
0%
SituerUbicar
0%
Une surpriseUne sorpresa
0%
SurveillerVigilar
0%

Distribution des résultats

Percentile par nombre de réponses

% des personnes avec chaque résultat

Votre développement - résultats

Vous n’avez pas pris ce quiz